<?xml version="1.0" encoding="UTF-8"?>
<collection xmlns="http://www.loc.gov/MARC21/slim">
<record>
  <controlfield tag="001">163319</controlfield>
  <controlfield tag="005">20251024172259.0</controlfield>
  <datafield tag="024" ind1="7" ind2=" ">
    <subfield code="2">doi</subfield>
    <subfield code="a">10.3232/UBR.2025.V22.N3.02</subfield>
  </datafield>
  <datafield tag="024" ind1="8" ind2=" ">
    <subfield code="2">sideral</subfield>
    <subfield code="a">145774</subfield>
  </datafield>
  <datafield tag="037" ind1=" " ind2=" ">
    <subfield code="a">ART-2025-145774</subfield>
  </datafield>
  <datafield tag="041" ind1=" " ind2=" ">
    <subfield code="a">mul</subfield>
  </datafield>
  <datafield tag="100" ind1=" " ind2=" ">
    <subfield code="a">Buil, I.</subfield>
    <subfield code="u">Universidad de Zaragoza</subfield>
    <subfield code="0">(orcid)0000-0001-6631-8909</subfield>
  </datafield>
  <datafield tag="245" ind1=" " ind2=" ">
    <subfield code="a">Graduate Recruiment Through Escape Games: Enhancing Flow and Positive Reactions = Reclutamiento de Graduados a Través de Juegos de Escape: Mejorando el Flujo y las Respuestas Positivas [Inglés y Español]</subfield>
  </datafield>
  <datafield tag="260" ind1=" " ind2=" ">
    <subfield code="c">2025</subfield>
  </datafield>
  <datafield tag="520" ind1="3" ind2=" ">
    <subfield code="a">This study analyses the flow experience among applicants participating in a real-world gamified recruitment process based on an escape game. It also examines the conditions that facilitate the emergence of a state of flow in applicants, as well as the extent to which this state influences their attitudes and fosters desirable outcomes for recruiting organizations. The findings indicate that the presence of clear goals, balanced challenges matching applicants’ skills, and continuous feedback promote a state of flow and improve applicants’ attitudes. These factors result in positive reactions, such as recommendation and participation intentions, and enhanced employer reputation.   Este estudio analiza la experiencia de flujo entre los candidatos de un proceso de reclutamiento gamificado real basado en un escape room. El trabajo examina qué condiciones promueven el estado de flujo y cómo este estado mejora las actitudes y estimula resultados deseables para el empleador. Los resultados muestran que el establecimiento de objetivos claros, de desafíos equilibrados que se ajusten a las habilidades de los candidatos, y de una retroalimentación continua, fomentan el flujo y mejoran sus actitudes. Estos factores influyen positivamente en la recomendación y en la intención de participación en la actividad, así como en la reputación del empleador.   Este estudio analiza la experiencia de flujo entre los candidatos de un proceso de reclutamiento gamificado real basado en un escape room. El trabajo examina qué condiciones promueven el estado de flujo y cómo este estado mejora las actitudes y estimula resultados deseables para el empleador. Los resultados muestran que el establecimiento de objetivos claros, de desafíos equilibrados que se ajusten a las habilidades de los candidatos, y de una retroalimentación continua, fomentan el flujo y mejoran sus actitudes. Estos factores influyen positivamente en la recomendación y en la intención de participación en la actividad, así como en la reputación del empleador.</subfield>
  </datafield>
  <datafield tag="506" ind1="0" ind2=" ">
    <subfield code="a">Access copy available to the general public</subfield>
    <subfield code="f">Unrestricted</subfield>
  </datafield>
  <datafield tag="536" ind1=" " ind2=" ">
    <subfield code="9">info:eu-repo/grantAgreement/ES/AEI/PID2020-118425RB-I00</subfield>
    <subfield code="9">info:eu-repo/grantAgreement/ES/DGA/S54-23R</subfield>
  </datafield>
  <datafield tag="540" ind1=" " ind2=" ">
    <subfield code="9">info:eu-repo/semantics/openAccess</subfield>
    <subfield code="a">by-nc</subfield>
    <subfield code="u">https://creativecommons.org/licenses/by-nc/4.0/deed.es</subfield>
  </datafield>
  <datafield tag="655" ind1=" " ind2="4">
    <subfield code="a">info:eu-repo/semantics/article</subfield>
    <subfield code="v">info:eu-repo/semantics/publishedVersion</subfield>
  </datafield>
  <datafield tag="700" ind1=" " ind2=" ">
    <subfield code="a">Catalán, S.</subfield>
    <subfield code="u">Universidad de Zaragoza</subfield>
    <subfield code="0">(orcid)0000-0001-5268-1723</subfield>
  </datafield>
  <datafield tag="700" ind1=" " ind2=" ">
    <subfield code="a">Hernández-Ortega,B.</subfield>
    <subfield code="u">Universidad de Zaragoza</subfield>
    <subfield code="0">(orcid)0000-0003-0752-3202</subfield>
  </datafield>
  <datafield tag="710" ind1="2" ind2=" ">
    <subfield code="1">4011</subfield>
    <subfield code="2">095</subfield>
    <subfield code="a">Universidad de Zaragoza</subfield>
    <subfield code="b">Dpto. Direc.Mark.Inves.Mercad.</subfield>
    <subfield code="c">Área Comerci.Investig.Mercados</subfield>
  </datafield>
  <datafield tag="773" ind1=" " ind2=" ">
    <subfield code="g">22, 86 (2025), 70-107</subfield>
    <subfield code="p">UCJC bus. soc. rev</subfield>
    <subfield code="t">UCJC business and society review</subfield>
    <subfield code="x">2659-3270</subfield>
  </datafield>
  <datafield tag="856" ind1="4" ind2=" ">
    <subfield code="s">935133</subfield>
    <subfield code="u">http://zaguan.unizar.es/record/163319/files/texto_completo.pdf</subfield>
    <subfield code="y">Versión publicada</subfield>
  </datafield>
  <datafield tag="856" ind1="4" ind2=" ">
    <subfield code="s">1720503</subfield>
    <subfield code="u">http://zaguan.unizar.es/record/163319/files/texto_completo.jpg?subformat=icon</subfield>
    <subfield code="x">icon</subfield>
    <subfield code="y">Versión publicada</subfield>
  </datafield>
  <datafield tag="909" ind1="C" ind2="O">
    <subfield code="o">oai:zaguan.unizar.es:163319</subfield>
    <subfield code="p">articulos</subfield>
    <subfield code="p">driver</subfield>
  </datafield>
  <datafield tag="951" ind1=" " ind2=" ">
    <subfield code="a">2025-10-24-16:57:03</subfield>
  </datafield>
  <datafield tag="980" ind1=" " ind2=" ">
    <subfield code="a">ARTICLE</subfield>
  </datafield>
</record>
</collection>